000 nam a 4500
001 68161
005 20240215120313.0
010 _a972-21-1781-5
100 _a20240215d2006 m||y0pory5003 ba
101 0 _apor
102 _aPT
200 1 _aCrn̤ica da rua 513.2
_fJoô Paulo Borges Coelho
210 _aLisboa
_cCaminho
_d2006
215 _a333 p
225 2 _aOutras margens
_h49
532 _aCrn̤ica da rua quinhentos e treze ponto dois
675 _a821.134.3(679)-31"19/20"
_vBN
_zpor
700 _aCoelho
_bJoô Paulo Borges
_914534
_f1955-
801 0 _aPT
_bBN
_gRPC
090 _a68161
942 _cMON
_n0